Countries Sharing First 3 Letters With US State - Statistics

General Stats
  • This quiz has been taken 51 times
    21 since last reset
  • The average score is 10 of 15
Answer Stats
Answer % Correct
Georgia(Georgia)
100%
New Zealand(New Hampshire,New Mexico,New York and New Jersey)
87%
Montenegro(Montana)
80%
South Korea(South Carolina,South Dakota)
73%
India(Indiana)
67%
Kenya(Kentucky)
67%
Monaco(Montana)
67%
North Korea(North Dakota,North Carolina
67%
South Sudan(South Carolina,South Dakota)
67%
Colombia(Colorado)
60%
North Macedonia(North Dakota,North Carolina)
60%
South Africa(South Carolina,South Dakota)
60%
Mongolia(Montana)
53%
Indonesia(Indiana)
47%
Marshall Islands(Maryland)
40%
No matching quizzes found
Score Distribution
Percent of People with Each Score
Percentile by Number Answered
Your Score History
You have not taken this quiz since the last reset